000
00281nam a22001337a 4500
008
180111b xxu||||| |||| 00| 0 eng d
020
_a
9780201163544
041
_a
eng
080
_a
37
100
_a
46
101
_a
EDU
245
_a
GRAMMAR PLUS
_c
FILIPO,J.D
942
_2
udc
_c
BK
999
_c
40068
_d
40068